000 00682nam a2200241Ia 4500
003 OSt
005 20220918223327.0
006 a|||||r|||| 00| 0
007 ta
008 220917b |||||||| |||| 00| 0 eng d
024 _a221,947
037 _cTextual
040 _aARTS
_cARTS
_beng
041 _2eng
_aeng
082 _aV73:48.N6, P4
100 _aGutierrez David G. Ed.
_9145486
245 0 _aColumbia history of Latinos in the United States since 1960
260 _aNew York
_bColumbia Univ. press
_c2004
300 _axxiv, 494p
_ccm.
650 _aHISTORY
942 _hV73:48.N6, P4
_cTEXL
_2CC
999 _c278142
_d278142